00430nam a2200157Ia 450000500170000000800410001702000150005805000280007310000210010124500510012226000350017330000430020844000060025152100070025752600080026420140313094053.0140130s9999 xx 000 0 und d a0439472857 aPZ 7b.B7633Clwxdm 2004 aBridwell, Norman cBridwell, NormanaClifford's first sleepover / bScholastic,c2004.aNew York : a1 v. (unpaging) :bcol. ill. ;c24 cm. v1 aG2 c450